[Event "HUN-chT2 Szechenyi 0708"]
[Site "Hungary"]
[Date "2007.11.25"]
[Round "3"]
[White "Gaber, Jozsef"]
[Black "Balogh, Mate"]
[Result "1-0"]
[WhiteElo "2116"]
[BlackElo "2067"]
[PlyCount "39"]
[EventDate "2007.10.14"]
[EventType "team"]
[EventRounds "11"]
[EventCountry "HUN"]
[SourceTitle "EXT 2009"]
[Source "ChessBase"]
[SourceDate "2008.11.26"]
[SourceVersion "1"]
[SourceVersionDate "2008.11.26"]
[SourceQuality "1"]
[WhiteTeam "Zala Volan"]
[BlackTeam "Haladas III"]
[WhiteTeamCountry "HUN"]
[BlackTeamCountry "HUN"]

1. e4 d5 2. exd5 Nf6 3. d4 Nxd5 4. h3 Nc6 5. Nf3 e6 6. Bb5 Bd7 7. 0-0 Be7 8. c4 Nb6 9. Nc3 a6 10. Bxc6 bxc6 11. Qe2 0-0 12. Ne4 Bc8 13. Rd1 h6 14. Ne5 Bb7 15. Nc5 Qc8 16. Nxb7 Qxb7 17. Qf3 Bf6 18. Nxc6 Qc8 19. b3 a5 20. Bxh6 1-0

[Event "HUN-chT2 Szechenyi 0607"]
[Site "Hungary"]
[Date "2007.05.20"]
[Round "11"]
[White "Gaber, Jozsef"]
[Black "Pukl, Daniel"]
[Result "0-1"]
[WhiteElo "2170"]
[BlackElo "2176"]
[PlyCount "164"]
[EventDate "2006.11.12"]
[EventType "team"]
[EventRounds "11"]
[EventCountry "HUN"]
[SourceTitle "EXT 2008"]
[Source "ChessBase"]
[SourceDate "2007.11.25"]
[SourceVersion "1"]
[SourceVersionDate "2007.11.25"]
[SourceQuality "1"]
[WhiteTeam "Zala Volan"]
[BlackTeam "Kertvaros"]
[WhiteTeamCountry "HUN"]
[BlackTeamCountry "HUN"]

1. e4 e6 2. d4 d5 3. Nc3 Nf6 4. Bg5 Be7 5. e5 Nfd7 6. h4 a6 7. Bxe7 Qxe7 8. Qg4 Rg8 9. f4 c5 10. Nf3 Nc6 11. 0-0-0 b5 12. dxc5 Nxc5 13. Bd3 Nxd3+ 14. Rxd3 Bd7 15. Rhd1 0-0-0 16. Nd4 Kb7 17. Nxc6 Bxc6 18. Ne2 g6 19. Nd4 Rc8 20. Qg5 Rge8 21. Rc3 b4 22. Qxe7+ Rxe7 23. Nxc6 Rxc6 24. Rb3 Rb6 25. Rd4 a5 26. a3 bxa3 27. Rxa3 Rb5 28. Rda4 Kb6 29. Rc3 Rc7 30. Rxc7 Kxc7 31. g3 Kb6 32. c3 Rc5 33. Kd2 Rb5 34. Kc2 Rc5 35. b3 Rc8 36. Kd3 Kb5 37. Ra1 Ra8 38. Rb1 Kc5 39. Ra1 Kb5 40. Kd4 Rc8 41. Rb1 Ra8 42. g4 Kc6 43. Ra1 Ra7 44. Ra2 Kb5 45. h5 Rc7 46. Rb2 Ra7 47. Rb1 Ra8 48. h6 Kc6 49. Ra1 Kb5 50. Rf1 a4 51. Ra1 a3 52. Ra2 Ra7 53. Kd3 Kc5 54. Ra1 a2 55. Kc2 d4 56. Kd3 dxc3 57. Kxc3 Ra3 58. Kb2 Kb4 59. Rxa2 Rxb3+ 60. Kc2 Rf3 61. Ra8 Rxf4 62. Rh8 Kc4 63. Rxh7 Rf2+ 64. Kb1 Kd4 65. Rg7 Kxe5 66. h7 Rh2 67. Rxf7 g5 68. Kc1 Ke4 69. Kd1 Ke3 70. Re7 Rh1+ 71. Kc2 Kf4 72. Rxe6 Rxh7 73. Kd2 Kxg4 74. Ke2 Rg7 75. Rf6 Kh4 76. Rf8 g4 77. Rf6 Kh3 78. Rf8 g3 79. Rh8+ Kg2 80. Re8 Kg1 81. Rf8 g2 82. Rf6 Rh7 0-1

[Event "HUN-chT2 Szechenyi 0607"]
[Site "Hungary"]
[Date "2007.04.15"]
[Round "8"]
[White "Gaber, Jozsef"]
[Black "Takacs, Gergo"]
[Result "1/2-1/2"]
[WhiteElo "2170"]
[BlackElo "2167"]
[PlyCount "23"]
[EventDate "2006.11.12"]
[EventType "team"]
[EventRounds "11"]
[EventCountry "HUN"]
[SourceTitle "EXT 2008"]
[Source "ChessBase"]
[SourceDate "2007.11.25"]
[SourceVersion "1"]
[SourceVersionDate "2007.11.25"]
[SourceQuality "1"]
[WhiteTeam "Zala Volan"]
[BlackTeam "Sarvar"]
[WhiteTeamCountry "HUN"]
[BlackTeamCountry "HUN"]

1. e4 c5 2. Nf3 d6 3. d4 cxd4 4. Nxd4 Nf6 5. Nc3 a6 6. Bg5 e6 7. f4 Be7 8. Qf3 h6 9. Bh4 Qc7 10. 0-0-0 Nbd7 11. Bd3 g5 12. e5 1/2-1/2